000 00343nam a2200133Ia 4500
008 100328s9999 xx 000 0 und d
082 _b55750
100 _aपठाण यू.म.
245 _aनंदादीप
260 _bयोगिता
630 _aनंदादीप
730 _aनंदादीप
942 _cBOOK
999 _c542380
_d542377